000 00773cam a2200217 4500
001 WB3606-33
008 000000n2000 000 0 eng u
035 _a(Sirsi) u104027
245 _aCountryside divide
260 _c2000
490 _aFinancial Times
_v4 February 2000, 3
490 _aTimes
_v4 February 2000, 6(3)
520 _aA recently published report by the Cabinet Office shows a sharp contrast between rural areas across Britain. Areas close to urban centres are struggling to cope with the demand on housing whilst more remote areas are suffering from poor services and poverty.
590 _aWB
650 _aRURAL AREAS
650 _aRURAL DEPRIVATION
650 _aQUALITY OF LIFE
650 _aPOVERTY
690 _aRural
_96268
942 _n0
999 _c62431
_d62431